Culture Générale - Série 927 - Statistiques

Statistiques générales
  • Ce quiz a été pris 95 fois
  • Le résultat moyen est 5 sur 10
Statistiques - réponses
Question Réponse % Correct
Quel animal marin est surnommé "châtaigne de mer" ? oursin
87%
Dans la deuxième série des aventures de Dragon Ball, quelle lettre est associée au titre "Dragon Ball" ? Z
78%
Quel pays remporte la Coupe du monde de football en 1970 ? Brésil
76%
Quel philosophe est l'auteur du “Discours de la méthode” en 1637 ? René Descartes
71%
Quel homme politique devient Premier ministre après l'élection du général de Gaulle, en janvier 1959 ? Michel Debré
38%
En 1984, quelle actrice, prénommée Valérie, interprète Ethel dans “La Femme publique” d'Andrzej Zulawski ? Valérie Kaprisky
33%
En 1977, quel Sébastien a écrit le roman “L'Été meurtrier”, adapté par Jean Becker au cinéma ? Sébastien Japrisot
31%
Quel acteur incarne Johnny, le charmeur ambigu du film "Soupçons", d'Alfred Hitchcock ? Cary Grant
27%
En 1972, quel dessinateur et scénariste crée le personnage de Superdupont ? Gotlib
18%
Quel dessinateur et scénariste de BD, prénommé Jean, est aussi connu sous le pseudonyme de Moebius ? Jean Giraud
9%
Aucun quiz correspondant
Distribution des résultats
% des personnes avec chaque résultat
Percentile par nombre de réponses
Votre historique - résultats
Vous n’avez pas pris ce quiz